Extreme management (Record no. 4076)
[ view plain ]
| 000 -LEADER | |
|---|---|
| fixed length control field | 00545 a2200157 4500 |
| 000 - LEADER | |
| fixed length control field | BKB |
| 001 - CONTROL NUMBER | |
| control field | 070645 |
| 005 - DATE AND TIME OF LATEST TRANSACTION | |
| control field | 20200902150849.0 |
| 008 - FIXED-LENGTH DATA ELEMENTS--GENERAL INFORMATION | |
| fixed length control field | |
| 082 ## - DEWEY DECIMAL CLASSIFICATION NUMBER | |
| Classification number | 658.4007117 |
| Item number | S47E |
| 100 1# - MAIN ENTRY--PERSONAL NAME | |
| Personal name | Stevens, Mark |
| 245 1# - TITLE STATEMENT | |
| Title | Extreme management |
| Statement of responsibility, etc | by Mark Stevens |
| 260 ## - PUBLICATION, DISTRIBUTION, ETC. (IMPRINT) | |
| Place of publication, distribution, etc | London |
| Name of publisher, distributor, etc | Profile Books |
| Date of publication, distribution, etc | 2009 |
| 300 ## - PHYSICAL DESCRIPTION | |
| Extent | 184p. |
| 690 ## - LOCAL SUBJECT ADDED ENTRY--TOPICAL TERM (OCLC, RLIN) | |
| Topical term or geographic name as entry element | Management--Study and teaching; Executives--Training of; United States; Harvard University. Graduate School of Business Administration; Harvard Business School |
| Withdrawn status | Lost status | Damaged status | Not for loan | Home library | Current library | Date acquired | Cost, normal purchase price | Total Checkouts | Full call number | Barcode | Date last seen | Price effective from | Koha item type |
|---|---|---|---|---|---|---|---|---|---|---|---|---|---|
| Central University Of Rajasthan | Central University Of Rajasthan | 07/03/2012 | 295.00 | 658.4007117 S47E | 4932 | 21/11/2024 | 02/09/2020 | Books |
